|
|
|
|
| LEADER |
03854nam a2200625 4500 |
| 001 |
978-3-540-46619-2 |
| 003 |
DE-He213 |
| 005 |
20191023112648.0 |
| 007 |
cr nn 008mamaa |
| 008 |
121227s1999 gw | s |||| 0|eng d |
| 020 |
|
|
|a 9783540466192
|9 978-3-540-46619-2
|
| 024 |
7 |
|
|a 10.1007/10705474
|2 doi
|
| 040 |
|
|
|d GrThAP
|
| 050 |
|
4 |
|a Q334-342
|
| 072 |
|
7 |
|a UYQ
|2 bicssc
|
| 072 |
|
7 |
|a COM004000
|2 bisacsh
|
| 072 |
|
7 |
|a UYQ
|2 thema
|
| 082 |
0 |
4 |
|a 006.3
|2 23
|
| 245 |
1 |
0 |
|a Sensor Based Intelligent Robots
|h [electronic resource] :
|b International Workshop Dagstuhl Castle, Germany, September 28 - October 2, 1998 Selected Papers /
|c edited by Henrik I Christensen, Horst Bunke, Hartmut Noltemeier.
|
| 250 |
|
|
|a 1st ed. 1999.
|
| 264 |
|
1 |
|a Berlin, Heidelberg :
|b Springer Berlin Heidelberg :
|b Imprint: Springer,
|c 1999.
|
| 300 |
|
|
|a VIII, 332 p.
|b online resource.
|
| 336 |
|
|
|a text
|b txt
|2 rdacontent
|
| 337 |
|
|
|a computer
|b c
|2 rdamedia
|
| 338 |
|
|
|a online resource
|b cr
|2 rdacarrier
|
| 347 |
|
|
|a text file
|b PDF
|2 rda
|
| 490 |
1 |
|
|a Lecture Notes in Artificial Intelligence ;
|v 1724
|
| 505 |
0 |
|
|a Markov Localization for Reliable Robot Navigation and People Detection -- Relocalisation by Partial Map Matching -- Localization and On-Line Map Building for an Autonomous Mobile Robot -- Interactive Learning of World Model Information for a Service Robot -- MAid: A Robotic Wheelchair Operating in Public Environments -- Interactive Robot Programming Based on Human Demonstration and Advice -- Towards Smarter Cars -- Active Control of Resolution for Stable Visual Tracking -- Near-Optimal Sensor-Based Navigation in an Environment Cluttered with Simple Shapes -- Realistic Environment Models and Their Impact on the Exact Solution of the Motion Planning Problem -- Robot Localization Using Polygon Distances -- On-Line Searching in Simple Polygons -- Distributed Algorithms for Carrying a Ladder by Omnidirectional Robots in Near Optimal Time -- Modeling and Stability Analysis of the Dynamic Behavior in Load Sharing Systems -- Recent Advances in Range Image Segmentation -- ISR: An Intelligent Service Robot -- Vision-Based Behavior Control of Autonomous Systems by Fuzzy Reasoning.
|
| 650 |
|
0 |
|a Artificial intelligence.
|
| 650 |
|
0 |
|a Robotics.
|
| 650 |
|
0 |
|a Automation.
|
| 650 |
|
0 |
|a Optical data processing.
|
| 650 |
|
0 |
|a Computer simulation.
|
| 650 |
|
0 |
|a Computer graphics.
|
| 650 |
|
0 |
|a Control engineering.
|
| 650 |
|
0 |
|a Mechatronics.
|
| 650 |
1 |
4 |
|a Artificial Intelligence.
|0 http://scigraph.springernature.com/things/product-market-codes/I21000
|
| 650 |
2 |
4 |
|a Robotics and Automation.
|0 http://scigraph.springernature.com/things/product-market-codes/T19020
|
| 650 |
2 |
4 |
|a Image Processing and Computer Vision.
|0 http://scigraph.springernature.com/things/product-market-codes/I22021
|
| 650 |
2 |
4 |
|a Simulation and Modeling.
|0 http://scigraph.springernature.com/things/product-market-codes/I19000
|
| 650 |
2 |
4 |
|a Computer Graphics.
|0 http://scigraph.springernature.com/things/product-market-codes/I22013
|
| 650 |
2 |
4 |
|a Control, Robotics, Mechatronics.
|0 http://scigraph.springernature.com/things/product-market-codes/T19000
|
| 700 |
1 |
|
|a Christensen, Henrik I.
|e editor.
|4 edt
|4 http://id.loc.gov/vocabulary/relators/edt
|
| 700 |
1 |
|
|a Bunke, Horst.
|e editor.
|4 edt
|4 http://id.loc.gov/vocabulary/relators/edt
|
| 700 |
1 |
|
|a Noltemeier, Hartmut.
|e editor.
|4 edt
|4 http://id.loc.gov/vocabulary/relators/edt
|
| 710 |
2 |
|
|a SpringerLink (Online service)
|
| 773 |
0 |
|
|t Springer eBooks
|
| 776 |
0 |
8 |
|i Printed edition:
|z 9783662174401
|
| 776 |
0 |
8 |
|i Printed edition:
|z 9783540669333
|
| 830 |
|
0 |
|a Lecture Notes in Artificial Intelligence ;
|v 1724
|
| 856 |
4 |
0 |
|u https://doi.org/10.1007/10705474
|z Full Text via HEAL-Link
|
| 912 |
|
|
|a ZDB-2-SCS
|
| 912 |
|
|
|a ZDB-2-LNC
|
| 912 |
|
|
|a ZDB-2-BAE
|
| 950 |
|
|
|a Computer Science (Springer-11645)
|